Estatísticas para Equipes da Eredivise 2019/20

Clique aqui para jogar o quiz

Estatísticas Gerais

  • Esse quiz foi jogado 16 vezes
  • A pontuação média é 12 de 18

Estatísticas das Respostas

CidadeEstádioEquipe% Correto
Amsterdã, Holanda do NorteJohan Cruijff ArenaAjax
100%
Alkmaar, Holanda do NorteAFAS StadionAZ
92%
Eindhoven, Brabante do NortePhilips StadionPSV
92%
Utrecht, UtrechtStadion GalgenwaardUtrecht
85%
Heerenveen, FrísiaAbe Lenstra StadionHeerenveen
85%
Roterdã, Holanda do SulDe KuipFeyenoord
77%
Haia, Holanda do SulCars Jeans StadionADO Den Haag
69%
Venlo, LimburgoDe KoelVVV-Venlo
69%
Roterdã, Holanda do SulHet KasteelSparta Rotterdam
69%
Zwolle, OverisselMAC³PARK StadionPEC Zwolle
69%
Groninga, GroningaHitachi Capital Mobility StadionGroningen
69%
Almelo, OverisselErve AsitoHeracles Almelo
62%
Sittard-Geleen, LimburgoFortuna Sittard StadionFortuna Sittard
62%
Emmen, DrenteDe Oude MeerdijkEmmen
62%
Waalwijk, Brabante do NorteMandemakers StadionRKC Waalwijk
54%
Arnhem, GuéldriaGelreDomeVitesse
54%
Enschede, OverisselDe Grolsch VesteTwente
38%
Tilburgo, Brabante do NorteKoning Willem II StadionWillem II
31%

Distribuição das Pontuações

Percentil de Números Respondidos

Porcentagem de Pessoas com Cada Pontuação

Sua Pontuação Histórica

Você não jogou esse quiz